| 000 | 00620nam a22001577a 4500 | ||
|---|---|---|---|
| 999 |
_c13909 _d13909 |
||
| 008 | 190509b ||||| |||| 00| 0 eng d | ||
| 082 |
_22019 _aUT 1296 _bA39 |
||
| 100 |
_aAlgabre, Shaira O. _938734 |
||
| 245 |
_aMarriage againts all odds: _b the relationship between marital satisfaction and marital conflict / _cShaire O. Algabre, Mercy Joy P. Estrelloso, and Barbie Ann Canja,. |
||
| 260 |
_aDigos City: _bUMDC, _cApril 2019. |
||
| 300 |
_a81 pages; _c30 cm. |
||
| 650 |
_aPsychology _xUndergraduate thesis. _938728 |
||
| 700 |
_aEstrelloso, Mercy Joy P. _938735 |
||
| 700 |
_aCanja, Barbie Ann. _938736 |
||
| 942 |
_2ddc _cUT |
||